<?xml version="1.0" encoding="UTF-8"?>
<marc:record xmlns:marc="http://www.loc.gov/MARC21/slim">
   <marc:leader>00000nam a2200000 a 4500</marc:leader>
   <marc:datafield ind1="1" ind2=" " tag="100">
      <marc:subfield code="a">Brock, Inés</marc:subfield>
      <marc:subfield code="4">edt</marc:subfield>
      <marc:subfield code="e">Bearbeiter/-in</marc:subfield>
   </marc:datafield>
   <marc:datafield ind1=" " ind2=" " tag="653">
      <marc:subfield code="a">Psychotherapie</marc:subfield>
   </marc:datafield>
   <marc:datafield ind1=" " ind2=" " tag="653">
      <marc:subfield code="a">Empowerment</marc:subfield>
   </marc:datafield>
   <marc:datafield ind1=" " ind2=" " tag="653">
      <marc:subfield code="a">Psychosoziale Gesundheit</marc:subfield>
   </marc:datafield>
   <marc:datafield ind1=" " ind2=" " tag="653">
      <marc:subfield code="a">Softcover / Pädagogik/Sozialpädagogik</marc:subfield>
   </marc:datafield>
   <marc:datafield ind1=" " ind2=" " tag="653">
      <marc:subfield code="a">Soziale Arbeit</marc:subfield>
   </marc:datafield>
   <marc:datafield ind1=" " ind2=" " tag="653">
      <marc:subfield code="a">psychosoziale Praxis</marc:subfield>
   </marc:datafield>
   <marc:datafield ind1=" " ind2=" " tag="653">
      <marc:subfield code="a">Aufsatzsammlung</marc:subfield>
   </marc:datafield>
   <marc:datafield ind1="0" ind2="0" tag="245">
      <marc:subfield code="a">Psychotherapie und Empowerment</marc:subfield>
   </marc:datafield>
   <marc:datafield ind1="0" ind2="0" tag="245">
      <marc:subfield code="b">Impulse für die psychosoziale Praxis</marc:subfield>
   </marc:datafield>
   <marc:datafield ind1="0" ind2="0" tag="245">
      <marc:subfield code="c">Inés Brock (Hrsg.)</marc:subfield>
   </marc:datafield>
   <marc:datafield ind1=" " ind2="1" tag="264">
      <marc:subfield code="a">Opladen</marc:subfield>
      <marc:subfield code="b">Budrich</marc:subfield>
      <marc:subfield code="c">2014</marc:subfield>
   </marc:datafield>
   <marc:datafield ind1="1" ind2=" " tag="520">
      <marc:subfield code="a">Angaben aus der Verlagsmeldung

Psychotherapie und Empowerment : Impulse für die psychosoziale Praxis

Psychische Probleme sind keine Seltenheit, weder in der Familie noch in der Gesellschaft. Inés Brock stellt die kreative Begegnung von Psychotherapie und Empowerment als Lösungsansatz vor. Zusammen stärken sie Menschen in ihren Lebenskontexten und machen ein befriedigendes Leben (wieder) möglich. Der Band versammelt eine Anzahl von Beiträgen aus Wissenschaft und Praxis, die den Ansatz des Empowerment im Kontext von Psychotherapie und sozialer Arbeit mit Familien anschaulich und nachvollziehbar machen. Vor dem Hintergrund eines ganzheitlichen Menschenbildes wird immer wieder deutlich, dass psychische Störungen im Kontext gesellschaftlicher Einflüsse und familiärer Prägungen entstehen. Brocks integrative Perspektive versucht, heilkundliche psychotherapeutische Strategien mit psychosozialen Kontexten in Verbindung zu bringen und dabei den Empowerment-Ansatz zu implementieren.
Familien sind nicht nur der zentrale Sozialisationraum für Kinder und Erwachsene, sondern auch ein Ort der primären und sekundären Prävention. Der Einfluss sozialer Herkunft auf Schul- und Ausbildungserfolg, auf eine zufriedenstellende Lebensgestaltung sowie auf die psychische und physische Gesundheit wird hier im Zusammenhang mit psychotherapeutischen Wissensbeständen betrachtet.
</marc:subfield>
   </marc:datafield>
   <marc:datafield ind1=" " ind2=" " tag="020">
      <marc:subfield code="a">9783847401360</marc:subfield>
      <marc:subfield code="9">9783847401360</marc:subfield>
   </marc:datafield>
   <marc:datafield ind1=" " ind2=" " tag="041">
      <marc:subfield code="a">ger</marc:subfield>
   </marc:datafield>
   <marc:datafield ind1=" " ind2=" " tag="300">
      <marc:subfield code="a">229 S.</marc:subfield>
   </marc:datafield>
</marc:record>
